00337nam a2200121Ia 4500008004100000041000800041082001800049100001400067245004400081260004800125300003300173365000900206240624s9999 xx 000 0 und d aeng a362.10683 SHI aSHI LEIYU aMANAGING HUMAN RESOURCES IN HEALTH CARE c2007aBostonbJones and Bartlett Publishers axxiii, : 412 : p. : cm. ; 22 cb25